Christian Laval, Guillaume Pégon, Souci écologique et santé mentale dans un monde troublé, Éditions Érès, 2024 (notice n° 1559215)
[ vue normale ]
| 000 -LEADER | |
|---|---|
| fixed length control field | 00957cam a2200157 4500500 |
| 005 - DATE AND TIME OF LATEST TRANSACTION | |
| control field | 20251026003325.0 |
| 041 ## - LANGUAGE CODE | |
| Language code of text/sound track or separate title | fre |
| 042 ## - AUTHENTICATION CODE | |
| Authentication code | dc |
| 100 10 - MAIN ENTRY--PERSONAL NAME | |
| Personal name | Vignes, Jean |
| Relator term | author |
| 245 00 - TITLE STATEMENT | |
| Title | Christian Laval, Guillaume Pégon, Souci écologique et santé mentale dans un monde troublé, Éditions Érès, 2024 |
| 260 ## - PUBLICATION, DISTRIBUTION, ETC. | |
| Date of publication, distribution, etc. | 2025.<br/> |
| 500 ## - GENERAL NOTE | |
| General note | 100 |
| 520 ## - SUMMARY, ETC. | |
| Summary, etc. | Lorsque l’on transpose nos normes de la bonne vieillesse ou de la bonne mort, forgées dans nos pratiques soignantes ou nos expériences personnelles, ne risque-t-on pas d’être en décalage avec celles et ceux qui vivent ces réalités ? Faire de la mort des personnes âgées un objet scientifique apparaît aujourd’hui nécessaire mais cela ne peut se faire sans déconstruire les idéologies qui l’entourent. |
| 786 0# - DATA SOURCE ENTRY | |
| Note | Pratiques | 108 | 1 | 2025-10-13 | p. 91-91 | 0337-6400 |
| 856 41 - ELECTRONIC LOCATION AND ACCESS | |
| Uniform Resource Identifier | <a href="https://stm.cairn.info/revue-pratiques-2025-1-page-91?lang=fr&redirect-ssocas=7080">https://stm.cairn.info/revue-pratiques-2025-1-page-91?lang=fr&redirect-ssocas=7080</a> |
Pas d'exemplaire disponible.




Réseaux sociaux